| 000 | 00866nam a2200217 a 4500 | ||
|---|---|---|---|
| 001 | 000028169 | ||
| 005 | 20200930031415.0 | ||
| 008 | 110407s2011 dr ac 001 0 spa d | ||
| 020 | _a9789993499282 | ||
| 040 |
_aDO-SdBNP _bspa _cBNPHU |
||
| 082 |
_a972.93731 _bS718ó |
||
| 100 | 1 |
_aSoto Tejeda, Marcos, _d1939- _955167 |
|
| 245 | 1 | 0 |
_aOcoa : _bveinte años de vivencias (1940-1960) / _cMarcos Soto Tejeda ; prólogo Alexis Read Ortiz. |
| 260 |
_aSanto Domingo : _bImprenta La Unión, _c2011. |
||
| 300 |
_a384 p. : _bil., retrs. ; _c21 cm. |
||
| 500 | _aIncluye índice onomástico. | ||
| 650 | 4 |
_aSan josé de ocoa (república dominicana) _xHistoria local _955168 |
|
| 650 | 4 |
_aSan josé de ocoa (república dominicana) _xVida social y costumbres _955169 |
|
| 650 | 4 |
_aCiudades y pueblos _zRepública Dominicana _9784 |
|
| 910 | _aValidado. Control de calidad MMOLINA | ||
| 999 |
_c27661 _d27661 |
||